000 00688cam a22002293a 4500
001 18170
003 PGUSA
005 20140828083403.0
008 060414s2006||||xxu|||||s|||||000 | eng d
040 _aPGUSA
_beng
042 _adc
050 4 _aBX
100 1 _aFrings, Math Josef,
_d1819-1895
245 1 4 _aThe Excellence of the Rosary :
_bConferences for Devotions in Honor of the Blessed Virgin
_h[electronic resource] /
_cMath Josef Frings
260 _bProject Gutenberg,
_c2006
506 _aPublic domain in the USA.
516 _aElectronic text
653 _aRosary
830 0 _aProject Gutenberg
_v18170
856 4 0 _uhttp://www.gutenberg.org/ebooks/18170
942 _cEB
999 _c247425
_d247425